| 000 | 00739nam a2200217 i 4500 | ||
|---|---|---|---|
| 001 | 30138 | ||
| 003 | ES-MaACL | ||
| 005 | 20250901062524.0 | ||
| 007 | t| | ||
| 008 | 030123s1962 an ||||1| spa d | ||
| 100 | 1 |
_aBars, Henry. _926091 |
|
| 245 | 1 | 4 |
_aLas tres virtudes, clave / _cHenry Bars ; [versión española de J. Ruiz Calonja]. |
| 260 |
_aAndorra : _bCasal i Vall, _c[1962] |
||
| 300 |
_a153 p. ; _c19 cm. |
||
| 490 | 1 | _aYo sé, yo creo : enciclopedia del católico en el siglo XX | |
| 650 | 4 |
_aVirtudes teologales. _9166508 |
|
| 700 | 0 |
_aRuiz Calonja, J. _9100685 |
|
| 830 | 0 | 0 |
_aYo sé, yo creo: enciclopedia del católico del siglo XX _9186579 |
| 852 |
_aES-MaACL _jC-21673 _bR.50057 |
||
| 999 |
_c30138 _d30138 |
||